000 00529nam a2200169 i 4500
001 79347
003 ES-MaACL
005 20230906173946.0
007 t|
008 041021s1972 sp ||||1| spa d
100 1 _aHermet, Aleramo.
_962748
245 1 0 _aCómo contentar al presidente y cómo sobrevivirle /
_cpor Aleramo Hermet ; traductor Javier Elías.
260 _aMadrid :
_bIbérico Europea,
_c[1972]
300 _a110 p., 1 lám.- ;
_c21 cm.
700 1 _aElías, Javier.
_946962
852 _aES-MaACL
_jC-47891
_bR.84526
999 _c79347
_d79347